| 000 | 00904cab a2200265 4500 | ||
|---|---|---|---|
| 001 | WB3343-10 | ||
| 008 | 090401t1997 xxu||||| |||| 00| 0 eng d | ||
| 035 | _a(Sirsi) u81892 | ||
| 041 | _aeng | ||
| 245 | _aStock market weathers storm | ||
| 260 | _c1997 | ||
| 350 | _a0 | ||
| 490 |
_aProperty Week _v61(5) 31 October 1997, 8(1) |
||
| 520 | _aProperty experts claim that the UK property industry should emerge relatively undamaged from the world`s stock markets` losses last week. Asian investors could even turn to the UK for safe investment prospects. | ||
| 650 | _aASIAN INVESTORS | ||
| 650 | _aGLOBAL FINANCIAL MARKETS | ||
| 650 | _aINVESTMENT MARKET | ||
| 650 | _aPROPERTY INVESTMENT MARKET | ||
| 650 | _aPROPERTY MARKET | ||
| 650 | _aSTOCK MARKET COLLAPSE | ||
| 650 | _aUNITED KINGDOM | ||
| 690 | _aPROPERTY-PROPERTY FINANCE AND INVESTMENT | ||
| 942 | _n0 | ||
| 948 | _c04/11/1997 | ||
| 999 |
_c51635 _d51635 |
||